Top 10 niveaux les plus longs de Geometry Dash - Statistiques

Statistiques générales
  • Ce quiz a été pris 5 fois
  • Le résultat moyen est 3 sur 10
Statistiques - réponses
TEMPS Niveau % Correct
1:46 Deadlocked
100%
1:40 Blast Processing
33%
1:35 Dash
33%
1:35 Electroman Adventures
33%
1:43 Geometrical Dominator
33%
1:35 Polargeist
33%
1:36 Theory of Everything
33%
1:37 Clutterfunk
0%
1:33 Theory of Everything 2
0%
1:38 Time Machine
0%
Aucun quiz correspondant
Distribution des résultats
% des personnes avec chaque résultat
Percentile par nombre de réponses
Votre historique - résultats
Vous n’avez pas pris ce quiz